|
|
|
|
| LEADER |
00000nam0a2200000 4500 |
| 001 |
370498 |
| 005 |
20231102012303.0 |
| 035 |
|
|
|a (RuTPU)RU\TPU\retro\27907
|
| 090 |
|
|
|a 370498
|
| 100 |
|
|
|a 20220706d1978 k y0rusy50 ca
|
| 101 |
0 |
|
|a rus
|
| 102 |
|
|
|a RU
|
| 105 |
|
|
|a a dm 001zy
|
| 200 |
1 |
|
|a Исследование электропроводящих материалов на основе эпоксидных смол и углеграфитовых волокнистых наполнителей
|e автореферат диссертации на соискание ученой степени кандидата технических наук
|e спец. 05.17.06
|f Т. С. Эвангелу
|g Всесоюзный научно-исследовательский и проектно-конструкторский институт полимерных строительных материалов ; науч. рук. М. А. Аскаров, Б. А. Шипилевский
|
| 210 |
|
|
|a Москва
|c [Б. и.]
|d 1978
|
| 215 |
|
|
|a 20 с.
|c ил.
|
| 300 |
|
|
|a Защита сост. 19.04.1978 г.
|
| 320 |
|
|
|a Библиогр.: с. 19-20 (10 назв.)
|
| 606 |
1 |
|
|a Пластмассы
|2 stltpush
|3 (RuTPU)RU\TPU\subj\49097
|9 67908
|
| 610 |
1 |
|
|a электропроводящие полимерные материалы
|
| 610 |
1 |
|
|a исследование
|
| 610 |
1 |
|
|a эмали
|
| 610 |
1 |
|
|a промышленное применение
|
| 610 |
1 |
|
|a экономическая эффективность
|
| 610 |
1 |
|
|a авторефераты диссертаций
|
| 675 |
|
|
|a 678.5(04)
|v 4
|
| 686 |
|
|
|a 05.17.06
|2 oksvnk
|
| 700 |
|
1 |
|a Эвангелу
|b Т. С.
|g Томас Сетирис
|
| 702 |
|
1 |
|a Аскаров
|b М. А.
|4 727
|
| 702 |
|
1 |
|a Шипилевский
|b Б. А.
|4 727
|
| 712 |
0 |
2 |
|a Всесоюзный научно-исследовательский и проектно-конструкторский институт полимерных строительных материалов
|c (Москва)
|c (1975-1991)
|2 stltpush
|3 (RuTPU)RU\TPU\col\22698
|9 28245
|
| 801 |
|
1 |
|a RU
|b 63413507
|c 20220706
|
| 942 |
|
|
|c BK
|